Breve historia del Derecho penal y de la Criminologa̕ Del primitivismo criminal a la era de las escuelas penales /

Detalles Bibliográficos
Autor principal: Sl̤on Rud,̀ Antonio
Formato: eBook
Lenguaje:español
Publicado: Barcelona: J.M. Bosch Editor, 2019
Materias:
Acceso en línea:Acceso restringido

MARC

LEADER 00000nam a22000007a 4500
005 20200206122454.0
007 cr|||| ||||
008 200206s2019 es |||||s|||| 00||0 spa d
020 |a 978-84-120892-1-9 
035 |a 31106 
040 |a vLex 
090 |c 10137  |d 10137 
100 1 |a Sl̤on Rud,̀ Antonio 
245 1 0 |a Breve historia del Derecho penal y de la Criminologa̕  |h [Recurso electrn̤ico] :  |b Del primitivismo criminal a la era de las escuelas penales /  |c Antonio Sl̤on Rud̀ 
256 |a Servicio en ln̕ea 
260 |a Barcelona:  |b J.M. Bosch Editor,  |c 2019 
300 |a 1 recurso electrn̤ico 
500 |a Quien no se pregunta de dn̤de venimos es porque tampoco le interesa saber hacia dn̤de vamos y ni siquiera en qu ̌paraje estamos. Este y no otro sera̕ el efecto de una enseąnza de las ciencias penales limitada a los discursos pretendidamente tecnocrt̀icos. Incluso los modelos ofrecidos por la dogmt̀ica jurd̕ico-penal sin programas polt̕icos destinados a ser aplicados por un poder del gobierno, como es el judicial. No se trata de nuevos productos como si fuesen series de automotores, sino de programas confeccionados conforme a ideas que responden a cierto marco ideolg̤ico con una funcin̤ de poder, sea legitimante o crt̕ico. […] La presente obra tiene el mřito de retomar el tema y mostrarlo en una perspectiva sintťica, pero sin que por ello pierda un considerable nivel de precisin̤ y rigor cientf̕ico, lo que por cierto no es sencillo. El principiante se asoma a un mundo fants̀tico, donde conviven las ms̀ dispares opiniones y tambiň, los ms̀ horrorosos discursos de la historia. No se lea cada posicin̤ como un inofensivo juego de ajedrez lg̤ico, pues se trata de discursos que produjeron o evitaron muchs̕imas muertes. […] En este texto verificarǹ, en principio, que pocas cosas quedan por inventar en esta materia y, en segundo třmino, que es mucho mejor discutir con los expositores sinceros y originales, que hacerlo con balbuceantes expositores actuales que mezclan elementos incompatibles en los discursos y pretenden que en esa confusin̤ radica la novedad. 
506 1 |a Disponible solo en los productos indicados  |d vLex Global  |d vLex Global (Academic Edition, excluding Law Schools)  |d vLex Global (U.S. Academic Edition, Law Schools)  |d vLex Global (U.S. Academic Edition, excluding Law Schools)  |d vLex Global (Academic Edition, Law Schools) 
650 0 4 |a Derecho Militar  |z Espaą 
740 0 |a vLex Libros (Servicio en ln̕ea) 
856 4 0 |u http://vlex.com/source/breve-historia-del-derecho-penal-y-de-la-criminologia-del-primitivismo-criminal-a-la-era-de-las-escuelas-penales-31106  |z Acceso restringido 
942 |c BOOK 
999 0 |a Military Law